"Jeopardy!" "Stupid Answers" Category Clues #2 - Statistics

General Stats
  • This quiz has been taken 671 times
  • The average score is 11 of 25
Answer Stats
Hint Answer % Correct
Singer P!nk is a cover girl for this brand of makeup CoverGirl
79%
Jomo Kenyatta was the first prime minister then first president of this country Kenya
69%
Leonardo da Vinci was born in 1452 near this tiny town in Toscana Vinci
61%
This unit of measure is the distance a burst of light travels in one year about 5.8 trillion miles Light-year
60%
You must be at least 21 to play at Luxor Las Vegas' 38 tables for this game 21
57%
What was British Guiana is now called this Guyana
57%
In this classic game from Milton Bradley you have to connect 4 of your pieces in a row to win Connect Four
54%
The Rhine River flows north from Switzerland into Germany & through the Netherlands before emptying into this sea North Sea
53%
In 1984 this novel first published 35 years earlier was on the bestsellers list Nineteen Eighty-Four
52%
This musical takes place in Philadelphia in the summer of 1776 1776
51%
Geneva & Lausanne are the largest cities on this lake also known as Genfersee & Lac Leman Geneva
48%
This university is located in Hyde Park on the south side of Chicago University of Chicago
48%
Red Carpet & Just Like Us are weekly features of this magazine Us Weekly
46%
It was established by an act of Congress in 1800 as a reference library for Congress Library of Congress
46%
Bakers have been using this brand of chocolate in their recipes since 1780 Baker's Chocolate
44%
Among the holdings of this British museum are the Elgin Marbles & the Rosetta Stone British Museum
44%
This drawbridge that spans the Thames River adjoins the Tower of London Tower Bridge
43%
It's the highest mountain in Kenya Mt. Kenya
38%
A top 10 hit by Wang Chung says Everybody have fun tonight everybody these 2 words tonight Wang Chung
33%
It's a sheet or sponge cake spread with jelly & whipped cream & rolled up Jelly Roll
24%
Dribeck's Light was the forerunner to this light German beer Beck's
20%
Wes Moore wrote the bestseller The Other him: One Name Two Fates Wes Moore
18%
Tragedy befalls Roberta Alden when she ends up pregnant & dead in this novel an American classic An American Tragedy
12%
This son of Gutzon Borglum put the finishing touches on Washington Jefferson Lincoln & Teddy Roosevelt on Mt. Rushmore Lincoln Borglum
6%
Carvings of a horse star & bell appear on the headstone of this Wild West Bandit Queen Belle Starr
5%
No matching quizzes found
Score Distribution
Percent of People with Each Score
Percentile by Number Answered
Your Score History
You have not taken this quiz